01384cam a2200277 a 450000100060000000300090000600500170001500800410003202000250007304000130009804100080011108200210011910000350014024501190017526000640029430000330035850400640039150502870045565000490074265000520079165000620084370000300090594200080093599900170094395201460096011214IN-BhIIT20250911181616.0040910s2005 enka b 001 0 eng  a9780521540674 (pbk.) aIN-BhIIT aeng00a346.73048bBLA/I1 aBlair, Roger D.eAuthor92638610aIntellectual property :beconomic and legal dimensions of rights and remedies /cRoger D. Blair, Thomas F. Cotter. aCambridge ;aNew York :bCambridge University Press,c2005. aix, 304 p. :bill. ;c24 cm. aIncludes bibliographical references (p. 267-283) and index.0 aIntroduction -- The law and economics of IPRs -- A general theory of damages rules -- Departures from the general theory -- Liability standards for IPRs -- Who is an infringer? -- Who should be entitled to sue for infringement? -- Calculating monetary damages -- Concluding remarks. 0aIntellectual propertyzUnited States.926387 0aIntellectual propertyxEconomic aspects.925456 0aIntellectual property infringementzUnited States.9263881 aCotter, Thomas F.,926389 cTRB c14694d14694 00102ddc40708SHSSMaCLIITBBSbCLIITBBSd2025-02-21e31g2900.09l0o346.73048 BLA/Ip11214r2025-02-21 00:00:00v3972.73w2025-02-21yTRB